[Event "Petrolina Cordioli Memorial op"]
[Site "Petrolina"]
[Date "2007.10.19"]
[Round "2"]
[White "Melo, Daniella Evans Barr"]
[Black "Costa, Jorge Do Nascimento"]
[Result "0-1"]
[WhiteElo "1777"]
[BlackElo "1800"]
[PlyCount "122"]
[EventDate "2007.10.09"]
[EventType "swiss"]
[EventRounds "7"]
[EventCountry "BRA"]
[SourceTitle "EXT 2022"]
[Source "ChessBase"]
[SourceDate "2021.10.06"]
[SourceVersion "1"]
[SourceVersionDate "2021.10.06"]
[SourceQuality "1"]

1. e4 e5 2. Nf3 d6 3. Nc3 Be7 4. g3 Nc6 5. Bg2 Be6 6. 0-0 Qc8 7. d4 Bh3 8. dxe5 Bxg2 9. Kxg2 Nxe5 10. Nxe5 dxe5 11. b3 c6 12. Bb2 Qc7 13. a3 Rd8 14. Qe2 Bg5 15. Rfd1 Rxd1 16. Rxd1 Nf6 17. a4 0-0 18. Ba3 Rd8 19. Rxd8+ Qxd8 20. h4 Bd2 21. Nb1 Ba5 22. b4 Bc7 23. c4 Qd4 24. Bb2 Qxe4+ 25. Qxe4 Nxe4 26. f3 Nf6 27. g4 Kf8 28. Kh3 Ke7 29. g5 Nh5 30. Kg4 g6 31. Ba3 Ke6 32. Nc3 Bd8 33. Ne4 b6 34. Nf2 Be7 35. Nd3 f6 36. gxf6 Nxf6+ 37. Kg5 Ng8+ 38. Kg4 Nh6+ 39. Kh3 Nf5 40. Bb2 Bf6 41. f4 e4 42. Bxf6 Kxf6 43. Nf2 e3 44. Nd3 Nd4 45. Kg4 h5+ 46. Kg3 Kf5 47. Ne1 Ke4 48. c5 bxc5 49. bxc5 Ne2+ 50. Kg2 Nxf4+ 51. Kf1 Kf5 52. Nc2 Nd5 53. Nd4+ Kg4 54. Nxc6 a6 55. Nb8 Nc7 56. Ke2 Kxh4 57. Kxe3 Kg3 58. Ke4 h4 59. Ke5 h3 60. Kd6 h2 61. Kxc7 h1Q 0-1

[Event "Petrolina Cordioli Memorial op"]
[Site "Petrolina"]
[Date "2007.10.18"]
[Round "1"]
[White "Lucena, Lincoln"]
[Black "Melo, Daniella Evans Barr"]
[Result "1-0"]
[WhiteElo "2167"]
[BlackElo "1777"]
[PlyCount "75"]
[EventDate "2007.10.09"]
[EventType "swiss"]
[EventRounds "7"]
[EventCountry "BRA"]
[SourceTitle "EXT 2022"]
[Source "ChessBase"]
[SourceDate "2021.10.06"]
[SourceVersion "1"]
[SourceVersionDate "2021.10.06"]
[SourceQuality "1"]

1. Nf3 e6 2. c4 Nf6 3. Nc3 g6 4. e4 d6 5. d4 Bg7 6. Bg5 h6 7. Be3 Nc6 8. a3 0-0 9. Qd2 e5 10. d5 Ne7 11. Bxh6 Kh7 12. Bg5 Neg8 13. g4 Qe8 14. Be2 Kh8 15. 0-0-0 c6 16. dxc6 Qxc6 17. Qxd6 Qxd6 18. Rxd6 b6 19. Nxe5 Nh7 20. Bf4 Bxe5 21. Bxe5+ f6 22. Bd4 Bb7 23. Rd1 Ng5 24. f3 Rac8 25. h4 Nf7 26. Rd7 Ba6 27. g5 Bxc4 28. Bxc4 Rxc4 29. gxf6 Rc6 30. Kb1 Nxf6 31. Nd5 Nh6 32. Ne7 Rf7 33. Nxc6 Kg8 34. Rxf7 Kxf7 35. Ne5+ Kg7 36. Rg1 Kh7 37. Nxg6 Nh5 38. Nf8# 1-0